Missing Word: British Football Teams Quiz Stats

 Plays Quiz Updated May 22, 2018

Challenge
Share
Tweet
Embed
Score 0/20 Timer 04:00
10 Plays Today
Team Name Missing Word % Correct
Aston _____Villa
98.6%
_____ PalaceCrystal
97.2%
Queen's _____ RangersPark
97%
Tottenham _____Hotspur
96.5%
West _____ UnitedHam
96.2%
_____ ForestNottingham
93.5%
_____ WednesdaySheffield
91.8%
West _____ AlbionBromwich
89.8%
_____ & Hove AlbionBrighton
88.9%
Preston _____ EndNorth
88.5%
Team Name Missing Word % Correct
Wolverhampton _____Wanderers
85.7%
Milton Keynes _____Dons
82.2%
Plymouth _____Argyle
76.1%
Crewe _____Alexandra
72.7%
Queen of the _____South
72.6%
Dagenham & _____Redbridge
71%
_____ of MidlothianHeart
69.4%
_____ ThistlePartick
65.1%
Inverness _____ ThistleCaledonian
56.6%
Hamilton _____Academical
52.5%

Today's Daily Dose

You're not logged in!

Compare scores with friends on all Sporcle quizzes.
Join for Free
OR
Log In

You Might Also Like...

Show Comments

Extras

Top Quizzes Today


Score Distribution

Your Account Isn't Verified!

In order to create a playlist on Sporcle, you need to verify the email address you used during registration. Go to your Sporcle Settings to finish the process.

Report this User

Report this user for behavior that violates our Community Guidelines.

Details: